| 000 | 00565nam a2200205Ia 4500 | ||
|---|---|---|---|
| 005 | 20250326142824.0 | ||
| 008 | 250326s9999 xx 000 0 und d | ||
| 020 | _a81-7041-669-8 | ||
| 037 | _aTextbook | ||
| 040 |
_aFMSL _beng _cFMSL |
||
| 041 |
_aeng _2eng |
||
| 084 |
_aX.1 N2.11 _qFMSL |
||
| 100 | _aNagpal C S | ||
| 245 | 0 |
_aPerspectives in International economics _cNagpal C S; Mittal A C |
|
| 260 |
_aNew Delhi _bNew Delhi, Anmol _c1992 |
||
| 300 | _aviii,385 | ||
| 490 | _vvol.11 | ||
| 942 |
_cTB _hX.1 N2.11 |
||
| 999 |
_c1296789 _d1296789 |
||